Greek Gods of... - Statistics

General Stats
  • This quiz has been taken 1,025 times
  • The average score is 13 of 15
Answer Stats
Hint Answer % Correct
Ares War
98%
Hades Dead
97%
Aphrodite Love and Beauty
97%
Poseidon Sea
97%
Dionysus Wine
96%
Zeus Sky
94%
Athena Intelligence and Skill
91%
Apollo Light and Music
91%
Artemis Hunt
89%
Hestia Hearth
81%
Chronos Time
81%
Hephaestus Fire
79%
Demeter Agriculture
76%
Hera Marriage
76%
Hermes Messages
65%
No matching quizzes found
Score Distribution
Percent of People with Each Score
Percentile by Number Answered
Your Score History
You have not taken this quiz